zpět

Detail výsledku týmu

Dno pytle - Vinohrady, Praha

Datum a čas kvízu

25 Celkem bodů Celkový počet nahraných bodů na tomto kvízu bez doplňovacích otázek.
6. Pořadí na kvízu Konečné umístění týmu na tomto kvízu.

Zaznamenané odpovědi

# Otázka Odpověď Body Výsledky
1. Sociální demokraté si novým šé... 1
2. Nejmladší evropský stát Kosovo... 1
3. Novou soškou lva inspirovanou... 0
4. Mimořádná valná hromada jedné... 0
5. Aksel Lund Svindal jako první... 0
6. Která slavná americká kapela n... 0
7. Z kolika hvězd se skládá Orion... 1
8. Který z těchto výrobků nepatří... 1
9. Orion je kosmická loď vyvíjená... 0
10. Odrůda jablek Orion byla vyšle... 1